Спасителни машини (Запис номер 400534)
[ съкратено ]
| 000 -Лидер | |
|---|---|
| Контролно поле с фиксирана дължина | 02383nam a2200409 a 4500 |
| 003 - Код на организацията, давaща контролен номер | |
| Контролно поле | BLK |
| 005 - Дата и час на последна редакция | |
| Контролно поле | 20250719111101.0 |
| 008 - Елементи от данни с фиксирана дължина | |
| fixed length control field | 180411b bul|||||r ||||||| ||bul|| |
| 020 ## - Международен стандартен номер на книга ISBN | |
| Международен стандартен номер на книга ISBN | 3800083828129 |
| 020 ## - Международен стандартен номер на книга ISBN | |
| Международен стандартен номер на книга ISBN | 978-619-199-590-5 |
| Поясняваща информация | (подв.) |
| 040 ## - Източник на каталожния запис | |
| Идентификатор на билиотеката - собственик на записа | BLK |
| 041 ## - Код за език | |
| Код за езика на текст/звукозапис или на отделно заглавие | Български |
| Код за езика КДБФ | Български |
| 080 ## - УДК | |
| Текстов определител УДК | Специални транспортни средства - Селскостопански, промишлени, противопожарни, снегоринни, радиорепортажни и др. |
| УДК код - определител по УДК | 629.1-47 |
| УДК определител | (02.053.2) |
| УДК - код + определител | 629.1-47(02.053.2) |
| 080 ## - УДК | |
| Текстов определител УДК | Транспорт и пощенски услуги. Организация и контрол на движението |
| УДК код - определител по УДК | 656 |
| УДК определител | :614.8(02.053.2) |
| УДК - код + определител | 656:614.8(02.053.2) |
| 100 1# - Редна дума - Автор | |
| Автор | Ерне, Андреа |
| Дати, свързани с автора | 1958 - |
| Автор - информация (биография) | Немска писателка, автор на детска литература |
| Авторска отговорност | първи автор |
| R(LIN) | 67544 |
| 139 ## - Редно поле | |
| Редна дума | Ерне, Андреа |
| Авторски знак | Ерн - Е 82 |
| 245 10 - Сведения за заглавието | |
| Заглавие | Спасителни машини |
| Подзаглавни данни | Енциклопедия за най-малките : с повдигащи се капачета на всяка страница |
| Редно поле (дума) | Андреа Ерне ; ил. Волфганг Мецгер ; прев. от нем. Розалина Палазова |
| 257 ## - Страна на издаване | |
| Страна на създаване/издаване | Великобритания |
| 260 ## - Област на издателските данни | |
| Място на издаване, разпространение и проч. | София |
| Име на издателя, разпространителя и проч. | Фют |
| Година на издаване | 2020 |
| Печатница | отпеч. в ЕС |
| 300 ## - Физическа характеристика | |
| Страници | 16 с. : |
| Илюстрации и др. | с цв. ил. |
| Размери/Мащаб | 23Х31 см |
| 380 ## - Жанр | |
| Жанр | Детска отраслова лит. |
| 490 ## - СЕРИИ (Колекции) | |
| 9 (RLIN) | 208015 |
| Име на серия | Поредица Защо? Какво? Как? |
| №: серия | 30 |
| 500 ## - Общи забележки | |
| Забележка | Кор. опис. Ориг. загл.: Der Rettungsfahrzeuge / Andrea Erne. - Кн. 30 от поредицата Защо? Какво? Как?. - Кн. отпеч. на ламиниран картон |
| 650 #4 - Допълнително описание по предмет – тема | |
| Основно описание – тема или топоним | Транспорт, спасителен |
| 9 (RLIN) | 296033 |
| 653 ## - Ключова дума – ненормативна | |
| Ключова дума | спасителен транспорт |
| 653 ## - Ключова дума – ненормативна | |
| Ключова дума | транспортна техника |
| 653 ## - Ключова дума – ненормативна | |
| Ключова дума | литература за деца |
| 653 ## - Ключова дума – ненормативна | |
| Ключова дума | детска литература |
| 700 ## - Други автори (авторска отговорност) | |
| Лично име | Мецгер, Волфганг |
| Автороска отговорност (Описва отношението между автора и произведението) | ил. |
| 9 (RLIN) | 341770 |
| 700 1# - Други автори (авторска отговорност) | |
| Лично име | Палазова, Розалина Борилова |
| Друга информация | Журналист. Преводач от немски език. |
| 9 (RLIN) | 105705 |
| 765 ## - Описание на заглавието на оригиналният език | |
| Редна дума на основното описание | Der Rettungsfahrzeuge |
| 852 ## - Местоположение | |
| Форматна сигнатура | Цб 307115 |
| Фондова буква | Хранилище |
| 999 ## - СИСТЕМНИ КОНТРОЛНИ НОМЕРА | |
| Koha biblionumber | 400534 |
| Koha biblioitemnumber | 400534 |
| 942 ## - АРТИКУЛИ | |
| Вид на библиотечния материал | Книги |
| Скрит в OPAC | Не |
| Периодичен библиозапис | Да |
| Koha issues (borrowed), all copies | 190 |
| 944 ## - СЪЗДАВАНЕ И РЕДАКЦИЯ на ЗАПИСА | |
| Създаване/Редакция | Създаване |
| Дата на регистрацията/редакция | 2021-03-10 |
| Служител, извършил регистрацията/редакцията | 30542 |
| Статус, дата на статуса | Русанова Ирена |
| 999 ## - СИСТЕМНИ КОНТРОЛНИ НОМЕРА | |
| Koha biblioitemnumber | 400534 |
| 999 ## - СИСТЕМНИ КОНТРОЛНИ НОМЕРА | |
| Koha biblioitemnumber | 400534 |
| Код за отписване | Код за изгубен артикул | Източник на класификационната схема | Код за повреда | Коз за рестрикции | Код за отдаване | Артикулен № | Име на библиотеката - собственик | Име на библиотеката, в която се намира в момента | Статус (Текущо местоположение) | Дата на вписване в системата | Местоположение - отдел | Цена в лева | Систематично азбучна сигнатура | Баркод | Цена в евро | Служебен тип на артикула |
|---|---|---|---|---|---|---|---|---|---|---|---|---|---|---|---|---|
| Не е изгубен | Universal Decimal Classification | Не е повреден | само за читалня | ползва се в читалня | 815924 | Регионална библиотека "Любен Каравелов" Русе | Регионална библиотека "Любен Каравелов" Русе | Хранилище | 2021-03-10 | Хранилище | 10.90 | Цб 307115 | 120000853183 | 5.57 | Книги | |
| Не е изгубен | Universal Decimal Classification | Не е повреден | без рестрикции | заемане за дома | 816606 | Регионална библиотека "Любен Каравелов" Русе | Регионална библиотека "Любен Каравелов" Русе | Детски отдел | 2021-03-17 | Детски отдел | 8.72 | 62/Е 82 А | 120000853742 | 4.46 | Книги | |
| Не е изгубен | Universal Decimal Classification | Не е повреден | без рестрикции | заемане за дома | 816607 | Регионална библиотека "Любен Каравелов" Русе | Регионална библиотека "Любен Каравелов" Русе | Детски отдел | 2021-03-17 | Детски отдел | 8.72 | 62/Е 82 А | 120000853741 | 4.46 | Книги | |
| Не е изгубен | Universal Decimal Classification | Не е повреден | без рестрикции | заемане за дома | 816608 | Регионална библиотека "Любен Каравелов" Русе | Регионална библиотека "Любен Каравелов" Русе | Детски отдел | 2021-03-17 | Детски отдел | 8.72 | 62/Е 82 А | 120000853743 | 4.46 | Книги | |
| Не е изгубен | Universal Decimal Classification | Не е повреден | без рестрикции | заемане за дома | 862180 | Регионална библиотека "Любен Каравелов" Русе | Регионална библиотека "Любен Каравелов" Русе | Детски отдел | 2021-11-16 | Детски отдел | 8.18 | 62/Е 82 А | 120000862543 | 4.18 | Книги | |
| Не е изгубен | Universal Decimal Classification | Не е повреден | без рестрикции | заемане за дома | 862181 | Регионална библиотека "Любен Каравелов" Русе | Регионална библиотека "Любен Каравелов" Русе | Детски отдел | 2021-11-16 | Детски отдел | 8.18 | 62/Е 82 А | 120000862542 | 4.18 | Книги |